[Event "Mittelfrank Regionalliga Nord-Ost 2223"]
[Site "Mittelfranken"]
[Date "2023.01.15"]
[Round "5.5"]
[White "Fiedler, Wolfgang"]
[Black "Novak, Jindrich"]
[Result "1/2-1/2"]
[WhiteElo "1894"]
[BlackElo "2048"]
[PlyCount "101"]
[EventDate "2022.10.09"]
[EventType "team-tourn"]
[EventRounds "9"]
[EventCountry "GER"]
[SourceTitle "EXT 2024"]
[Source "ChessBase"]
[SourceDate "2023.10.10"]
[SourceVersion "1"]
[SourceVersionDate "2023.10.10"]
[SourceQuality "1"]
[WhiteTeam "Nuernberg Sued SW"]
[BlackTeam "Windischeschenbach"]
[WhiteTeamCountry "GER"]
[BlackTeamCountry "GER"]

1. f4 h5 2. Nf3 h4 3. d4 d5 4. e3 Nf6 5. Bd3 h3 6. g3 Bg4 7. Nbd2 e6 8. Be2 Nbd7 9. c3 c6 10. Ne5 Bf5 11. Bf3 Bd6 12. Qe2 Qe7 13. Nxd7 Kxd7 14. e4 dxe4 15. Nxe4 Nxe4 16. Bxe4 Bxe4 17. Qxe4 Qf6 18. Bd2 Qf5 19. Qxf5 exf5 20. Kf2 Rae8 21. Rae1 c5 22. Be3 b6 23. dxc5 bxc5 24. c4 Re4 25. b3 Rhe8 26. Bd2 Kc6 27. Rxe4 fxe4 28. g4 g6 29. g5 a5 30. Re1 Ra8 31. Rxe4 a4 32. Kg3 axb3 33. axb3 Ra2 34. Be1 Rg2+ 35. Kxh3 Rb2 36. Kg4 Rxb3 37. h4 Rd3 38. Bf2 Rd2 39. Bg3 Rd3 40. Bf2 Rd2 41. Kf3 Rc2 42. Be3 Kb6 43. Bf2 Kc6 44. Be1 Rc1 45. Kg4 Rd1 46. f5 Rd4 47. Rxd4 cxd4 48. fxg6 fxg6 49. h5 gxh5+ 50. Kxh5 Kc5 51. Bf2 1/2-1/2

[Event "Bad Woerishofen op-A 35th"]
[Site "Bad Woerishofen"]
[Date "2019.03.15"]
[Round "1.14"]
[White "Fiedler, Wolfgang"]
[Black "Cebalo, Miso"]
[Result "1/2-1/2"]
[WhiteElo "2004"]
[BlackElo "2243"]
[PlyCount "57"]
[EventDate "2019.03.15"]
[EventType "swiss"]
[EventRounds "9"]
[EventCountry "GER"]
[SourceTitle "EXT 2020"]
[Source "ChessBase"]
[SourceDate "2019.10.17"]
[SourceVersion "1"]
[SourceVersionDate "2019.10.17"]
[SourceQuality "1"]

1. f4 d5 2. Nf3 g6 3. d4 c6 4. e3 Bg7 5. Bd3 Nf6 6. 0-0 Bg4 7. Nbd2 Nbd7 8. c3 e6 9. Qb3 Qb6 10. Ne5 0-0 11. Nxg4 Nxg4 12. Nf3 Ngf6 13. Ne5 Nxe5 14. Qxb6 axb6 15. fxe5 Nd7 16. e4 dxe4 17. Bxe4 b5 18. Bg5 Nb6 19. Bc2 h6 20. Bf6 Nc4 21. Bxg7 Kxg7 22. Rfb1 Rfd8 23. Bb3 Nb6 24. Rd1 Rd7 25. Kf2 Nc4 26. Rab1 Rad8 27. Bxc4 bxc4 28. b3 cxb3 29. Rxb3 1/2-1/2

[Event "Bad Woerishofen op 34th"]
[Site "Bad Woerishofen"]
[Date "2018.02.24"]
[Round "2"]
[White "Fiedler, Wolfgang"]
[Black "Wahl, Peter"]
[Result "1-0"]
[WhiteElo "2006"]
[BlackElo "1820"]
[PlyCount "47"]
[EventDate "2018.02.23"]
[EventType "swiss"]
[EventRounds "9"]
[EventCountry "GER"]
[SourceTitle "CBM 183 Extra"]
[Source "ChessBase"]
[SourceDate "2018.04.19"]
[SourceVersion "1"]
[SourceVersionDate "2018.04.19"]
[SourceQuality "1"]

1. f4 g6 2. Nf3 Bg7 3. e4 d5 4. e5 c5 5. c3 Nc6 6. d4 b6 7. Bb5 Bb7 8. Be3 c4 9. Ba4 h5 10. b3 a6 11. bxc4 Nh6 12. cxd5 Qxd5 13. Bb3 Qe4 14. Qe2 Nf5 15. Bxf7+ Kf8 16. Bxg6 Qxe3 17. Bxf5 Qxf4 18. 0-0 Bh6 19. Nh4 Qxh4 20. Bc8+ Bf4 21. g3 Rg8 22. Bxb7 Rxg3+ 23. hxg3 Qxg3+ 24. Qg2 1-0

[Event "Bad Woerishofen op 34th"]
[Site "Bad Woerishofen"]
[Date "2018.02.23"]
[Round "1"]
[White "De Santis, Alessio"]
[Black "Fiedler, Wolfgang"]
[Result "1-0"]
[WhiteElo "2223"]
[BlackElo "2006"]
[PlyCount "65"]
[EventDate "2018.02.23"]
[EventType "swiss"]
[EventRounds "9"]
[EventCountry "GER"]
[SourceTitle "CBM 183 Extra"]
[Source "ChessBase"]
[SourceDate "2018.04.19"]
[SourceVersion "1"]
[SourceVersionDate "2018.04.19"]
[SourceQuality "1"]

1. b3 f5 2. Bb2 e6 3. e4 Nf6 4. exf5 exf5 5. Qe2+ Qe7 6. Bxf6 gxf6 7. Nc3 c6 8. 0-0-0 d5 9. Re1 Qxe2 10. Ngxe2 Bc5 11. f4 Kd8 12. d4 Bd6 13. g3 Nd7 14. Bh3 Nf8 15. Nd1 Ng6 16. Ne3 Ne7 17. Ng1 Bb4 18. Rd1 a5 19. Kb2 b6 20. a3 Bd6 21. Nf3 h5 22. Nh4 Bd7 23. Rhe1 Kc7 24. Nexf5 Nxf5 25. Bxf5 Rae8 26. c3 b5 27. b4 axb4 28. axb4 Ra8 29. Ra1 Rxa1 30. Rxa1 Bxf5 31. Nxf5 Re8 32. Ra7+ Kb6 33. Rh7 1-0

[Event "Nuremberg Zabo op 19th"]
[Site "Nuremberg"]
[Date "2017.09.17"]
[Round "4"]
[White "Junk, Philipp"]
[Black "Fiedler, Wolfgang"]
[Result "1/2-1/2"]
[WhiteElo "1797"]
[BlackElo "1960"]
[PlyCount "34"]
[EventDate "2017.09.15"]
[EventType "swiss"]
[EventRounds "5"]
[EventCountry "GER"]
[SourceTitle "EXT 2022"]
[Source "ChessBase"]
[SourceDate "2021.10.06"]
[SourceVersion "1"]
[SourceVersionDate "2021.10.06"]
[SourceQuality "1"]

1. e4 g6 2. d4 Bg7 3. Nc3 d6 4. Be3 Nc6 5. h4 h6 6. Qd2 e5 7. d5 Nce7 8. 0-0-0 a6 9. f4 Bg4 10. Re1 f6 11. Nf3 h5 12. Nd1 Nh6 13. c4 b6 14. Kb1 Nf7 15. Nf2 Bd7 16. Rg1 Qc8 17. fxe5 dxe5 1/2-1/2

[Event "Nuremberg Zabo op 19th"]
[Site "Nuremberg"]
[Date "2017.09.16"]
[Round "2"]
[White "Hofmann, Lorenz"]
[Black "Fiedler, Wolfgang"]
[Result "1/2-1/2"]
[WhiteElo "1760"]
[BlackElo "1960"]
[PlyCount "90"]
[EventDate "2017.09.15"]
[EventType "swiss"]
[EventRounds "5"]
[EventCountry "GER"]
[SourceTitle "EXT 2022"]
[Source "ChessBase"]
[SourceDate "2021.10.06"]
[SourceVersion "1"]
[SourceVersionDate "2021.10.06"]
[SourceQuality "1"]

1. e4 g6 2. d4 Bg7 3. f4 d5 4. e5 Bf5 5. Bd3 Qd7 6. Be3 Nc6 7. c3 Nh6 8. h3 Bxd3 9. Qxd3 Qf5 10. Qe2 0-0-0 11. Nf3 Qd7 12. Bf2 f5 13. Nbd2 e6 14. Nb3 Bf8 15. 0-0-0 Nf7 16. Kb1 Be7 17. Rc1 Kb8 18. Rhd1 a6 19. Be1 b5 20. Nbd2 Na5 21. b4 Nc4 22. Nxc4 bxc4 23. Ka1 Qa4 24. Qc2 Qxc2 25. Rxc2 c6 26. Rb1 Kc7 27. Kb2 a5 28. a3 axb4 29. axb4 Ra8 30. Ra1 g5 31. fxg5 Bxg5 32. Rxa8 Rxa8 33. Kb1 Kb7 34. Ra2 Rg8 35. Kc2 h5 36. Kd1 Be7 37. Re2 Ra8 38. Rc2 Kb6 39. h4 Nh6 40. Ke2 Ng4 41. Ng5 Bxg5 42. hxg5 Ra1 43. Bd2 Kc7 44. Rc1 Ra2 45. Rh1 Nf2 1/2-1/2

[Event "Landesliga Nord 1617"]
[Site "Bayern"]
[Date "2017.03.19"]
[Round "7.6"]
[White "Braun, Kristin"]
[Black "Fiedler, Wolfgang"]
[Result "0-1"]
[WhiteElo "1762"]
[BlackElo "1927"]
[PlyCount "100"]
[EventDate "2016.10.16"]
[EventType "team-tourn"]
[EventRounds "9"]
[EventCountry "GER"]
[SourceTitle "EXT 2019"]
[Source "ChessBase"]
[SourceDate "2018.10.10"]
[SourceVersion "1"]
[SourceVersionDate "2018.10.10"]
[SourceQuality "1"]
[WhiteTeam "Forchheim II"]
[BlackTeam "Zirndorf"]
[WhiteTeamCountry "GER"]
[BlackTeamCountry "GER"]

1. e4 g6 2. d4 Bg7 3. c4 d6 4. Nc3 Nc6 5. Nf3 e5 6. d5 Nce7 7. Be3 f5 8. g3 Nf6 9. Bg2 fxe4 10. Nd2 Nf5 11. 0-0 Nxe3 12. fxe3 Bh6 13. Qe2 0-0 14. Ncxe4 Ng4 15. Rxf8+ Qxf8 16. Nf1 Bf5 17. Nc3 Qe7 18. Bf3 Nf6 19. e4 Bh3 20. Ne3 Rf8 21. Bg2 Bxe3+ 22. Qxe3 Ng4 23. Qxa7 Bxg2 24. Kxg2 Qg5 25. Re1 Rf2+ 26. Qxf2 Nxf2 27. Kxf2 Qd2+ 28. Re2 Qd4+ 29. Ke1 Qxc4 30. Kd2 b5 31. b3 Qd4+ 32. Kc2 b4 33. Na4 Qa1 34. Kd3 Qf1 35. Ke3 Qc1+ 36. Kd3 c5 37. Rc2 Qf1+ 38. Re2 Kf7 39. Nb6 Qf3+ 40. Kd2 Qc3+ 41. Kd1 Qa1+ 42. Kd2 Qxa2+ 43. Ke1 Qxb3 44. Nc8 c4 45. Rf2+ Ke8 46. Nxd6+ Kd7 47. Nf7 Qb1+ 48. Kd2 Qxe4 49. Re2 Qxd5+ 50. Kc1 Qxf7 0-1

[Event "Bad Woerishofen op 33rd"]
[Site "Bad Woerishofen"]
[Date "2017.03.10"]
[Round "1"]
[White "Fiedler, Wolfgang"]
[Black "Eichler, Christoph"]
[Result "1/2-1/2"]
[WhiteElo "2021"]
[BlackElo "2290"]
[PlyCount "94"]
[EventDate "2017.03.10"]
[EventType "swiss"]
[EventRounds "9"]
[EventCountry "GER"]
[SourceTitle "EXT 2018"]
[Source "ChessBase"]
[SourceDate "2017.10.13"]
[SourceVersion "1"]
[SourceVersionDate "2017.10.13"]
[SourceQuality "1"]

1. f4 d5 2. Nf3 Nf6 3. e3 Bg4 4. Be2 Bxf3 5. Bxf3 Nbd7 6. d4 e6 7. 0-0 c5 8. c3 Bd6 9. Bd2 0-0 10. Be1 Qb6 11. Qb3 Rac8 12. Qxb6 Nxb6 13. b3 cxd4 14. cxd4 Rc2 15. Bd1 Rc1 16. Bd2 Rc6 17. Be1 Ne4 18. Nd2 f5 19. Nxe4 dxe4 20. Bd2 Nd5 21. g4 g6 22. gxf5 gxf5 23. a4 Bb4 24. Bxb4 Nxb4 25. Be2 Nc2 26. Rac1 Nxe3 27. Rxc6 bxc6 28. Rc1 Nd5 29. Rxc6 Nxf4 30. Bc4 Rd8 31. Kf2 Kf7 32. Rc7+ Kf6 33. Rxa7 Rxd4 34. Rxh7 Ke5 35. a5 Rd2+ 36. Ke1 e3 37. a6 Ng2+ 38. Kf1 Rf2+ 39. Kg1 e2 40. Kxf2 e1Q+ 41. Kxg2 Qd2+ 42. Kf3 Qd1+ 43. Kf2 Qc2+ 44. Kf3 Qe4+ 45. Kf2 Qc2+ 46. Kf3 Qc3+ 47. Kf2 Qc2+ 1/2-1/2

[Event "Landesliga Nord 1617"]
[Site "Bayern"]
[Date "2017.02.05"]
[Round "5.7"]
[White "Fiedler, Wolfgang"]
[Black "Seidenschwarz, Holger"]
[Result "1-0"]
[WhiteElo "1927"]
[BlackElo "1942"]
[PlyCount "53"]
[EventDate "2016.10.16"]
[EventType "team-tourn"]
[EventRounds "9"]
[EventCountry "GER"]
[SourceTitle "EXT 2019"]
[Source "ChessBase"]
[SourceDate "2018.10.10"]
[SourceVersion "1"]
[SourceVersionDate "2018.10.10"]
[SourceQuality "1"]
[WhiteTeam "Zirndorf"]
[BlackTeam "Kelheim"]
[WhiteTeamCountry "GER"]
[BlackTeamCountry "GER"]

1. f4 d5 2. Nf3 Nf6 3. e3 g6 4. d4 Bg7 5. Bd3 0-0 6. 0-0 c5 7. c3 b6 8. Ne5 Ba6 9. Bxa6 Nxa6 10. Qe2 Nb8 11. Nd2 Qc7 12. Ndf3 Ne4 13. Bd2 f6 14. Ng4 Nd7 15. Nf2 Kh8 16. Be1 e5 17. dxe5 fxe5 18. Nxe4 dxe4 19. Ng5 Rae8 20. Qc4 exf4 21. Nf7+ Rxf7 22. Qxf7 Rf8 23. Qe7 Qc6 24. Rd1 Ne5 25. Rxf4 Qa8 26. Rxf8+ Qxf8 27. Rd8 1-0

[Event "Landesliga Nord 1617"]
[Site "Bayern"]
[Date "2016.12.04"]
[Round "3.6"]
[White "Siegl, Melina"]
[Black "Fiedler, Wolfgang"]
[Result "1/2-1/2"]
[WhiteElo "1982"]
[BlackElo "1927"]
[PlyCount "56"]
[EventDate "2016.10.16"]
[EventType "team-tourn"]
[EventRounds "9"]
[EventCountry "GER"]
[SourceTitle "EXT 2019"]
[Source "ChessBase"]
[SourceDate "2018.10.10"]
[SourceVersion "1"]
[SourceVersionDate "2018.10.10"]
[SourceQuality "1"]
[WhiteTeam "Nuernberg Sued SW"]
[BlackTeam "Zirndorf"]
[WhiteTeamCountry "GER"]
[BlackTeamCountry "GER"]

1. e4 g6 2. d4 Bg7 3. f4 d5 4. e5 c6 5. Bd3 Nh6 6. Nf3 Bf5 7. c3 Bxd3 8. Qxd3 Na6 9. 0-0 Qd7 10. Ng5 Nc7 11. Nd2 Qf5 12. Qe3 0-0 13. h3 f6 14. Ngf3 fxe5 15. Nxe5 Qe6 16. Ndf3 Nf5 17. Qe1 Bf6 18. Kh2 Nd6 19. g4 Ne4 20. Qe2 Nb5 21. c4 Nbd6 22. c5 Bxe5 23. Nxe5 Nf7 24. f5 Qc8 25. fxg6 Nxe5 26. gxh7+ Kxh7 27. dxe5 Rxf1 28. Qxf1 Qe6 1/2-1/2

[Event "Landesliga Nord 1617"]
[Site "Bayern"]
[Date "2016.11.20"]
[Round "2.6"]
[White "Fiedler, Wolfgang"]
[Black "Herrmann, Michael1111"]
[Result "1/2-1/2"]
[WhiteElo "1927"]
[BlackElo "1828"]
[PlyCount "70"]
[EventDate "2016.10.16"]
[EventType "team-tourn"]
[EventRounds "9"]
[EventCountry "GER"]
[SourceTitle "EXT 2019"]
[Source "ChessBase"]
[SourceDate "2018.10.10"]
[SourceVersion "1"]
[SourceVersionDate "2018.10.10"]
[SourceQuality "1"]
[WhiteTeam "Zirndorf"]
[BlackTeam "Bindlach Aktionaer II"]
[WhiteTeamCountry "GER"]
[BlackTeamCountry "GER"]

1. f4 d6 2. Nf3 Nf6 3. c4 g6 4. Nc3 Bg7 5. e4 Nc6 6. d4 Bg4 7. d5 Nb8 8. h3 Bxf3 9. Qxf3 Nbd7 10. Bd3 c6 11. dxc6 bxc6 12. Be3 Rb8 13. Qf2 a6 14. 0-0 0-0 15. Rac1 Qa5 16. Qd2 Qb4 17. b3 Nc5 18. Kh2 Rfd8 19. Bb1 Nfd7 20. Ne2 Qxd2 21. Bxd2 Nf6 22. Ng3 h5 23. Rfe1 h4 24. Nh1 Nh5 25. g4 hxg3+ 26. Nxg3 Nxg3 27. Kxg3 Bf6 28. Be3 Ne6 29. Rcd1 Kg7 30. Rh1 Rh8 31. Bd3 c5 32. f5 Be5+ 33. Kf3 Nd4+ 34. Bxd4 Bxd4 35. fxg6 Ba1 1/2-1/2

[Event "Berlin-ch Seniors op 32nd"]
[Site "Berlin"]
[Date "2016.02.03"]
[Round "8"]
[White "Shapiro, Yosip"]
[Black "Fiedler, Wolfgang"]
[Result "1-0"]
[WhiteElo "2083"]
[BlackElo "1910"]
[PlyCount "85"]
[EventDate "2016.01.26"]
[EventType "swiss"]
[EventRounds "9"]
[EventCountry "GER"]
[SourceTitle "EXT 2019"]
[Source "ChessBase"]
[SourceDate "2018.10.10"]
[SourceVersion "1"]
[SourceVersionDate "2018.10.10"]
[SourceQuality "1"]

1. Nf3 d5 2. c4 d4 3. b4 c5 4. Bb2 e6 5. e3 dxe3 6. fxe3 Nf6 7. b5 a6 8. Be2 b6 9. 0-0 Bb7 10. d3 Nbd7 11. e4 Qc7 12. Qe1 Bd6 13. Qh4 Ne5 14. Nbd2 Ng6 15. Qe1 Ng4 16. h3 Ne3 17. Bxg7 Rg8 18. Bh6 Bg3 19. Qc1 Nf4 20. Bxf4 Qxf4 21. Kh1 Nxf1 22. Qxf1 Bh4 23. Nxh4 Qxh4 24. Bf3 Qe7 25. Re1 0-0-0 26. e5 Bxf3 27. Qxf3 Qb7 28. Ne4 Kb8 29. Re3 Rg6 30. Re2 Rdg8 31. Kh2 R8g7 32. Qe3 Qc7 33. Nd6 Rg8 34. d4 f5 35. d5 Rg3 36. Qh6 Qg7 37. Qxg7 R8xg7 38. dxe6 f4 39. Nf5 Rg8 40. e7 Re8 41. Nxg3 fxg3+ 42. Kxg3 Rxe7 43. Kf3 1-0

[Event "Regionalliga NO 1516"]
[Site "Bayern"]
[Date "2016.01.31"]
[Round "6.7"]
[White "Fiedler, Wolfgang"]
[Black "Dechant, Georg"]
[Result "0-1"]
[WhiteElo "1959"]
[BlackElo "1919"]
[PlyCount "104"]
[EventDate "2015.10.11"]
[EventType "team-tourn"]
[EventRounds "9"]
[EventCountry "GER"]
[SourceTitle "EXT 2018"]
[Source "ChessBase"]
[SourceDate "2017.10.13"]
[SourceVersion "1"]
[SourceVersionDate "2017.10.13"]
[SourceQuality "1"]
[WhiteTeam "Zirndorf"]
[BlackTeam "Regensburg Bavaria"]
[WhiteTeamCountry "GER"]
[BlackTeamCountry "GER"]

1. Nf3 c5 2. c4 Nf6 3. g3 g6 4. Bg2 Bg7 5. Nc3 Nc6 6. d3 0-0 7. 0-0 e6 8. Be3 d6 9. h3 Nd7 10. Qd2 b6 11. Ng5 Bb7 12. Nge4 Qb8 13. Nb5 d5 14. cxd5 exd5 15. Ned6 a6 16. Bf4 Be5 17. Nxb7 axb5 18. Bxe5 Ndxe5 19. Nxc5 bxc5 20. Bxd5 Qd6 21. Bg2 Rad8 22. f4 Nc4 23. Qc1 Nb6 24. Rd1 Nd4 25. Kf1 Nf5 26. Kf2 Rfe8 27. e4 Qd4+ 28. Kf3 Ng7 29. Qc3 Ne6 30. Rac1 Na4 31. Qxd4 Nxd4+ 32. Ke3 Nxb2 33. Rd2 Na4 34. g4 b4 35. Rc4 Rb8 36. g5 Rec8 37. e5 Nc3 38. h4 Ndb5 39. Rc2 Rc7 40. Bf3 Rb6 41. Rb2 Ra6 42. h5 gxh5 43. Bxh5 Rxa2 44. Rxa2 Nxa2 45. Rc2 Nbc3 46. Rb2 Rb7 47. Bf3 Rb8 48. d4 cxd4+ 49. Kxd4 b3 50. Kc4 Rb4+ 51. Kd3 Na4 52. Rb1 N2c3 0-1

[Event "Berlin-ch Seniors op 32nd"]
[Site "Berlin"]
[Date "2016.01.27"]
[Round "2"]
[White "Hartmann, Hans"]
[Black "Fiedler, Wolfgang"]
[Result "1/2-1/2"]
[WhiteElo "1803"]
[BlackElo "1910"]
[PlyCount "40"]
[EventDate "2016.01.26"]
[EventType "swiss"]
[EventRounds "9"]
[EventCountry "GER"]
[SourceTitle "EXT 2019"]
[Source "ChessBase"]
[SourceDate "2018.10.10"]
[SourceVersion "1"]
[SourceVersionDate "2018.10.10"]
[SourceQuality "1"]

1. d4 Nf6 2. c4 c5 3. e3 e6 4. Nf3 Qa5+ 5. Bd2 Qb6 6. Qc2 d6 7. Nc3 Bd7 8. Be2 Na6 9. a3 Rc8 10. 0-0 Be7 11. Qd3 Bc6 12. Rab1 0-0 13. d5 Bd7 14. e4 Ng4 15. h3 Ne5 16. Qc2 Nxf3+ 17. Bxf3 e5 18. g4 Qd8 19. Bg2 Bg5 20. Qc1 Bxd2 1/2-1/2

[Event "Regionalliga NO 1516"]
[Site "Bayern"]
[Date "2015.11.15"]
[Round "3.6"]
[White "Albrecht, Hans"]
[Black "Fiedler, Wolfgang"]
[Result "1-0"]
[WhiteElo "2036"]
[BlackElo "1959"]
[PlyCount "105"]
[EventDate "2015.10.11"]
[EventType "team-tourn"]
[EventRounds "9"]
[EventCountry "GER"]
[SourceTitle "EXT 2018"]
[Source "ChessBase"]
[SourceDate "2017.10.13"]
[SourceVersion "1"]
[SourceVersionDate "2017.10.13"]
[SourceQuality "1"]
[WhiteTeam "Altensittenbach"]
[BlackTeam "Zirndorf"]
[WhiteTeamCountry "GER"]
[BlackTeamCountry "GER"]

1. e4 g6 2. d4 Bg7 3. f4 c6 4. Nf3 d5 5. e5 Nh6 6. c3 Bg4 7. h3 Bxf3 8. Qxf3 f5 9. Nd2 e6 10. Nb3 Nd7 11. Be3 Qe7 12. Bd3 0-0-0 13. 0-0-0 Nf7 14. g4 Rdf8 15. Qg3 Rhg8 16. Rdg1 Nh6 17. Kb1 Kb8 18. Bc2 b6 19. Nd2 Kb7 20. Nf3 Rc8 21. Rg2 Bf8 22. g5 Nf7 23. h4 Rc7 24. Qe1 Qe8 25. Rgh2 Be7 26. h5 Nf8 27. Qe2 Kb8 28. Ne1 c5 29. dxc5 Bxc5 30. Bxc5 bxc5 31. c4 d4 32. Rh3 Qc6 33. Qd2 Rb7 34. R1h2 Kc8 35. Ka1 Qb6 36. Bd1 Qb4 37. Qxb4 Rxb4 38. Nd3 Rb6 39. Nxc5 Rc6 40. b4 a5 41. a3 Rg7 42. Rd3 Nd8 43. Rxd4 Ra7 44. Rhd2 Nf7 45. Kb2 axb4 46. axb4 Rb6 47. b5 Rc7 48. Na4 Rb8 49. Kb3 Nd7 50. Kb4 Nd8 51. hxg6 hxg6 52. Bf3 Nf7 53. c5 1-0

[Event "Bad Woerishofen op 31st"]
[Site "Bad Woerishofen"]
[Date "2015.03.05"]
[Round "7"]
[White "Hess, Max"]
[Black "Fiedler, Wolfgang"]
[Result "1-0"]
[WhiteElo "2114"]
[BlackElo "2015"]
[PlyCount "61"]
[EventDate "2015.02.27"]
[EventType "swiss"]
[EventRounds "9"]
[EventCountry "GER"]
[SourceTitle "CBM 165 Extra"]
[Source "ChessBase"]
[SourceDate "2015.04.21"]
[SourceVersion "1"]
[SourceVersionDate "2015.04.21"]
[SourceQuality "1"]

1. e4 g6 2. d4 Bg7 3. Nc3 d6 4. Be3 e6 5. f4 Ne7 6. Nf3 d5 7. e5 b6 8. a4 a6 9. Qd2 Nd7 10. Nd1 c5 11. c3 Bb7 12. Bd3 c4 13. Bc2 b5 14. Nf2 Nf5 15. g4 Nxe3 16. Qxe3 Qe7 17. axb5 axb5 18. Rxa8+ Bxa8 19. 0-0 0-0 20. g5 h5 21. gxh6 Bxh6 22. Ng4 Bg7 23. Ng5 Rb8 24. Qh3 Nf8 25. Rf3 Bc6 26. Qh4 f5 27. exf6 Bxf6 28. Rh3 Bxg5 29. fxg5 Rb6 30. Qh8+ Kf7 31. Bxg6+ 1-0

[Event "Bad Woerishofen op 31st"]
[Site "Bad Woerishofen"]
[Date "2015.03.04"]
[Round "6"]
[White "Fiedler, Wolfgang"]
[Black "Jankowski, Moritz"]
[Result "1-0"]
[WhiteElo "2015"]
[BlackElo "1808"]
[PlyCount "65"]
[EventDate "2015.02.27"]
[EventType "swiss"]
[EventRounds "9"]
[EventCountry "GER"]
[SourceTitle "CBM 165 Extra"]
[Source "ChessBase"]
[SourceDate "2015.04.21"]
[SourceVersion "1"]
[SourceVersionDate "2015.04.21"]
[SourceQuality "1"]

1. f4 e5 2. fxe5 d6 3. exd6 Bxd6 4. Nf3 g5 5. g3 Ne7 6. d4 g4 7. Nh4 Ng6 8. Ng2 Nc6 9. c3 h5 10. Rg1 h4 11. Qd3 hxg3 12. hxg3 Rh3 13. Qe4+ Nce7 14. Nf4 f5 15. Qc2 Rxg3 16. Rxg3 Nxf4 17. Rg1 Neg6 18. e3 Qe7 19. Kd1 Nd5 20. Rxg4 fxg4 21. Qxg6+ Qf7 22. Bd3 Be6 23. Ke2 Qxg6 24. Bxg6+ Ke7 25. Nd2 Rf8 26. Ne4 Bh2 27. c4 Nb6 28. d5 Bf5 29. Bxf5 Rxf5 30. b3 g3 31. Ba3+ Kd8 32. Rf1 Rxd5 33. cxd5 1-0

[Event "Bad Woerishofen op 31st"]
[Site "Bad Woerishofen"]
[Date "2015.02.27"]
[Round "1"]
[White "Ballon, Guenther Jan"]
[Black "Fiedler, Wolfgang"]
[Result "1/2-1/2"]
[WhiteElo "2105"]
[BlackElo "2015"]
[PlyCount "49"]
[EventDate "2015.02.27"]
[EventType "swiss"]
[EventRounds "9"]
[EventCountry "GER"]
[SourceTitle "CBM 165 Extra"]
[Source "ChessBase"]
[SourceDate "2015.04.21"]
[SourceVersion "1"]
[SourceVersionDate "2015.04.21"]
[SourceQuality "1"]

1. d4 g6 2. c4 Bg7 3. e4 d6 4. Nc3 Nc6 5. Nge2 e5 6. Be3 f5 7. f3 Nf6 8. d5 Ne7 9. Qd2 fxe4 10. Nxe4 Nf5 11. Bg5 h6 12. Bxf6 Bxf6 13. Nxf6+ Qxf6 14. 0-0-0 Bd7 15. Nc3 Qh4 16. Bd3 Qf4 17. Qxf4 exf4 18. Bxf5 Bxf5 19. Rhe1+ Kf7 20. Ne2 g5 21. Nd4 Bd7 22. Kd2 Rhe8 23. Kd3 Rxe1 24. Rxe1 Re8 25. Rxe8 1/2-1/2

[Event "Berlin-ch Seniors op 31st"]
[Site "Berlin"]
[Date "2015.02.04"]
[Round "6"]
[White "Ebert, Lothar"]
[Black "Fiedler, Wolfgang"]
[Result "0-1"]
[WhiteElo "1614"]
[BlackElo "1808"]
[PlyCount "24"]
[EventDate "2015.01.29"]
[EventType "swiss"]
[EventRounds "9"]
[EventCountry "GER"]
[SourceTitle "EXT 2018"]
[Source "ChessBase"]
[SourceDate "2017.10.13"]
[SourceVersion "1"]
[SourceVersionDate "2017.10.13"]
[SourceQuality "1"]

1. e4 c5 2. Nf3 e6 3. d4 cxd4 4. Qxd4 Nc6 5. Qd1 Nf6 6. Bg5 h6 7. Bxf6 Qxf6 8. c3 a6 9. Nbd2 Bc5 10. Bd3 Ne5 11. Bc2 b5 12. Nxe5 Qxf2# 0-1

[Event "Berlin-ch Seniors op 31st"]
[Site "Berlin"]
[Date "2015.02.03"]
[Round "5"]
[White "Fiedler, Wolfgang"]
[Black "Graubaum, Hans Joachim"]
[Result "0-1"]
[WhiteElo "1808"]
[BlackElo "1991"]
[PlyCount "80"]
[EventDate "2015.01.29"]
[EventType "swiss"]
[EventRounds "9"]
[EventCountry "GER"]
[SourceTitle "EXT 2018"]
[Source "ChessBase"]
[SourceDate "2017.10.13"]
[SourceVersion "1"]
[SourceVersionDate "2017.10.13"]
[SourceQuality "1"]

1. Nf3 Nf6 2. d4 e6 3. c4 d5 4. Nc3 h6 5. g3 Bb4 6. Bg2 c6 7. 0-0 0-0 8. Qb3 Bd6 9. Re1 Nbd7 10. Nd2 Re8 11. e4 dxe4 12. Ncxe4 Bc7 13. Qd1 Nxe4 14. Nxe4 Nf6 15. Qe2 Bb6 16. c5 Bc7 17. Nxf6+ Qxf6 18. Qe4 Bd7 19. Be3 e5 20. Qd3 Bf5 21. Qc4 Rad8 22. Red1 exd4 23. Bxd4 Be5 24. Bxe5 Qxe5 25. Rxd8 Rxd8 26. Qc1 Qd4 27. h3 Re8 28. g4 Bg6 29. Bf3 Re5 30. a3 Rxc5 31. Qe3 Qxb2 32. Qxc5 Qxa1+ 33. Kg2 Bd3 34. Qe7 Qf1+ 35. Kg3 Qg1+ 36. Kf4 Qh2+ 37. Ke3 Bg6 38. Qxb7 Qe5+ 39. Kd2 Qd4+ 40. Ke1 Qc3+ 0-1